000 00271nam a22001097a 4500
082 _a621.3 COT'S
100 _aPARRY, J. V,COTTON, H
_978483
245 _aSOLUTION OF PROBLEMS IN ELECTICAL TECHNOLOGY
260 _aLONDON
_bSIR ISAAC
_c1966
300 _a315P
942 _cBK
999 _c583599
_d583599